Statystyki dla Quiz o Afganistanie

Kliknij tutaj aby rozwiązać quiz!

Ogólne statystyki

  • Ten quiz został rozwiązany 1 087 razy
  • Średni wynik to 7 z 19

Statystyki odpowiedzi

PytanieOdpowiedź% Poprawnych
Jakie miasto jest stolicą Afganistanu?Kabul
93%
Jakie są dwa języki urzędowe Afganistanu?Paszto
73%
Które państwo dzieli najkrótszą granicę z Afganistanem?Chiny
71%
Które państwo zaatakowało Afganistan w 1979 roku?Związek Radziecki
64%
Jakie ugrupowanie terrorystyczne rządziło w Afganistanie od 1996 do 2001 roku?Taliban
56%
Jakie są dwa języki urzędowe Afganistanu?Dari
54%
Do którego odłamu islamu należy większość Hazarów?Szyizm
36%
Afganistan jest odpowiedzialny za 90% światowej produkcji jakiej rośliny?Mak lekarski
33%
Co jest walutą Afganistanu?Afghani
32%
Jak przenośnie nazywany jest Afganistan?Cmentarzem
{imperiów}
26%
Jakie pasmo górskie przebiega przez centrum Afganistanu?Hindukusz
26%
To ugrupowanie zniszczyło dwa posągi znajdujące się w mieście Bamyan w 2001 r.
Jaką postać historyczną one przedstawiały?
Budda
24%
Jakie jest drugie najbardziej zaludnione miasto w Afganistanie?Kandahar
23%
Które miasto w północno-zachodnim Afganistanie było historycznie znane z wina?Herat
22%
Jak nazywa się dominująca grupa etniczna Afganistanu?Pasztuni
22%
Jakie pasmo górskie pomiędzy Afganistanem i Pakistanem był
nieodzowną częścią starożytnego jedwabnego szlaku?
Chajber
14%
Jaki bestseller opowiada o przyjaźni pomiędzy Amirem i Hassanem?Chłopiec z latawcem
14%
Kto był prezydentem Afganistanu od 2004 do 2014 roku?Hamid Karzaj
13%
Kto jest autorem tej książki?Khaled Hosseini
13%

Rozkład punktacji

Percentyl według liczby udzielonych odpowiedzi

Procent ludzi z każdym wynikiem

Twoja historia wyników

Nie rozwiązałeś tego quizu